| 000 | 02341nam a22003617a 4500 | ||
|---|---|---|---|
| 001 | 100055 | ||
| 003 | KnowledgeUnlatched | ||
| 005 | 20210303105402.0 | ||
| 006 | m o d | ||
| 007 | cr u|||||||||| | ||
| 008 | 210129p20162017enk o u00| u eng d | ||
| 035 | _a(OCoLC)963181612 | ||
| 037 | _5BiblioBoard | ||
| 245 | 0 | 0 |
_aUsing Gramsci _bA New Approach / _cMichele Filippini. |
| 020 | _a9781786800077 | ||
| 029 | 1 | _ahttps://library.biblioboard.com/ext/api/media/13c2f941-b719-4e1e-a538-8654e48700d7/assets/thumbnail.jpg | |
| 040 |
_aScCtBLL _cScCtBLL |
||
| 100 | 1 |
_aFilippini, Michele _eauthor. |
|
| 264 | 1 | _bPluto Press, | |
| 300 | _a1 online resource (192 p.) | ||
| 506 | 0 |
_aAccess copy available to the general public. _fUnrestricted _2star |
|
| 520 | _aThis is a new approach to one of the greatest political theorists, Antonio Gramsci. Gramsci's Prison Notebooks are one of the most popular Marxist texts available and continue to inspire readers across the world. Here, Michele Filippini proposes a new approach based on the analysis of previously ignored concepts in his works, creating a book which stands apart.Including chapters on ideology, the individual, collective organisms, society, crisis and temporality, Using Gramsci offers a new pattern in Gramscian studies aimed to speak to the broader audience of social sciences scholars beyond the field of political theory and Marxism, while remaining firmly rooted in his writings. Working from the original Italian texts, Filippini also examines the more traditional areas of Gramsci's thought, including hegemony, organic intellectuals and civil society.This book will be perfect for all scholars and students of Gramsci's thought. | ||
| 588 | 0 | _aDescription based on print version record. | |
| 590 | _aKU Select 2016 Front List Collection | ||
| 650 | 7 |
_aPolitical Science _2bisacsh |
|
| 650 | 0 | _aPolitical science | |
| 655 | 0 | _aElectronic books. | |
| 758 |
_iIs found in: _aKnowledge Unlatched _1https://openresearchlibrary.org/module/2774bc74-146a-484f-a7ba-ab1d6a09bbfb |
||
| 856 | 4 | 0 |
_uhttps://openresearchlibrary.org/content/13c2f941-b719-4e1e-a538-8654e48700d7 _zView this content on Open Research Library. _70 |
| 999 |
_c34271 _d34271 |
||